000 00271nam a22001217a 4500
008 171023b xxu||||| |||| 00| 0 eng d
041 _aeng
080 _26 ED
_a338
100 _a55
101 _aMEN
245 _aCONTEMPORARY MANAGEMENT
_cJONES.G.R
942 _2udc
_cBK
999 _c35560
_d35560